Handbook of Electronic measurements (Record no. 187288)
[ view plain ]
| 000 -LEADER | |
|---|---|
| fixed length control field | 00714 a2200169 4500 |
| 003 - CONTROL NUMBER IDENTIFIER | |
| control field | Nust |
| 005 - DATE AND TIME OF LATEST TRANSACTION | |
| control field | 20170207153500.0 |
| 040 ## - CATALOGING SOURCE | |
| Transcribing agency | Nust |
| 082 ## - DEWEY DECIMAL CLASSIFICATION NUMBER | |
| Classification number | 621.3810287 |
| 245 ## - TITLE STATEMENT | |
| Title | Handbook of Electronic measurements |
| Statement of responsibility, etc. | Editor: Moe Wind |
| 260 ## - PUBLICATION, DISTRIBUTION, ETC. | |
| Place of publication, distribution, etc. | London |
| Name of publisher, distributor, etc. | Polytechnic press |
| 300 ## - PHYSICAL DESCRIPTION | |
| Extent | 18-78 |
| 490 ## - SERIES STATEMENT | |
| Volume/sequential designation | I, II |
| 505 ## - FORMATTED CONTENTS NOTE | |
| Formatted contents note | Electronic Fundamentals (Page-1) Measurement of Voltage and Current (Various Pages) AC Measurement in the VHF and UHF Frequency Range(Various Pages) Measurement of Power (Various Pages) The Measurement of Impedance and Circuit Element (Various Pages) Measurement of Frequency and Wavelength (Various Pages) |
| 538 ## - SYSTEM DETAILS NOTE | |
| System details note | Almirah No. 130 and Shelf No. 1 |
| 650 ## - SUBJECT ADDED ENTRY--TOPICAL TERM | |
| Topical term or geographic name entry element | Electronic Measurements |
| 942 ## - ADDED ENTRY ELEMENTS (KOHA) | |
| Source of classification or shelving scheme | |
| Koha item type | Book |
| Withdrawn status | Lost status | Source of classification or shelving scheme | Damaged status | Not for loan | Collection code | Permanent Location | Current Location | Date acquired | Total Checkouts | Full call number | Barcode | Date last seen | Price effective from | Koha item type |
|---|---|---|---|---|---|---|---|---|---|---|---|---|---|---|
| Military College of Signals (MCS) | Military College of Signals (MCS) | 12/12/2016 | 621.3810287 HAN | MCS20823 | 12/08/2016 | 12/12/2016 | Book |
